| 000 | 00613nac a22001931u 4500 | ||
|---|---|---|---|
| 010 | _a 99061348 | ||
| 020 | _a0672316692 | ||
| 082 | 0 | 0 |
_a006.6633 _bPAN |
| 090 |
_c5756 _d5756 |
||
| 100 | _aPantham, Satyaraj. | ||
| 245 | 1 | 0 |
_aPure JFC 2D graphics and imaging / _cSatyaraj Pantham. |
| 260 |
_aIndianapolis, Ind. : _bSams,c2000. _cc2000. |
||
| 300 |
_aix, 360 p. : _bill. ; _c23 cm. |
||
| 500 | _aDistributer : Al-Ahram. | ||
| 511 | _aCatalogued By : Mahitab. | ||
| 650 | 0 | _aComputer graphics. | |
| 650 | 0 | _aJava (Computer program language) | |
| 942 |
_cBB _k006.6633PAN |
||
| 999 |
_c5756 _d5756 |
||